Western U.S. States Map Quiz - Statistics

General Stats
  • This quiz has been taken 89 times
    47 since last reset
  • The average score is 13 of 19
Answers on the Map
Answers color-coded by a green-red scale on the quiz's map according to % correct below.
 
Answer Stats
Answer % Correct
Alaska
93%
California
86%
Hawaii
86%
Texas
79%
Colorado
71%
Idaho
71%
North Dakota
71%
Oklahoma
71%
South Dakota
71%
Washington
71%
Montana
64%
Nevada
64%
Oregon
64%
Wyoming
64%
Arizona
57%
Nebraska
57%
New Mexico
57%
Utah
57%
Kansas
43%
No matching quizzes found
Score Distribution
Percent of People with Each Score
Percentile by Number Answered
Your Score History
You have not taken this quiz since the last reset